000 00501nam a2200193Ia 4500
003 GCL
008 140319s9999 xx 000 0 ara d
040 _aGCL /
_cGCL
082 0 4 _a658.7
_bس م
100 1 _aالسيد ناجى
245 1 0 _aادارة المخازن /
_cالسيد ناجى
260 _a[S.N] :
_bلا يوجد ،
_c1994
300 _a151 ص
490 _a
650 0 4 _aادارة المخازن
650 0 4 _aالمخازن
650 0 4 _aالتخزين
942 _2ddc
_cBK
999 _c36898
_d36898